000 01170cai a22002055a 4500
001 L154676
008 120112u xxk f 000 0 eng d
035 _a(Sirsi) u154676
041 0 _aeng
110 2 _aUK Timber Frame Association
_95010
245 0 0 _aUK Timber Frame Association
_bfire risk management
_h[electronic resource]
260 _a[S.l.]
_bUKTFA
_c[2011?]
520 _aThe UKTFA has developed the 'Design guide to separating distances for buildings during construction'. This guidance is applicable to developments in excess of 600m2 total floor area to enable the safe building of timber frame structures, in any location, relative to the fire risk during construction. This Guidance to separating distances is formed in three parts and the UKTFA has also provided a Risk Assessment Check list to support users in its application. It comprises a 20 minute film and a set of downloadable pdfs.
590 _aKA NTK
651 4 _aUnited Kingdom
_y1973-
690 _aDesign and specification
690 _aHealth and safety
_96244
856 4 0 _uhttps://uktfa.com/fireriskmanagement/
_zView the website and download the pdfs at www.uktfa.com/
942 _n0
999 _c120941
_d120941